000 01014nam a2200301Ia 4500
001 Para_9704
003 CHAP
008 220125s9999 xx 000 0 und d
010 _a208381
040 _cCHAP
090 _aPA TESIS 2325
100 _aMorales Morales, Elí
_978347
245 _aManejo de la Maleza de hoja ancha en el cultivo de cebada (Hordeum vulgare L.) con sulfonilureas en Tlaxco, Tlaxcala /
_c Elí Morales Morales
260 _aChapingo, Mex. :
_b el autor, 2009
300 _a49 h.
502 _aTesis (Ing. Agr. Esp. en Parasitología Agrícola) -- UACh. Departamento Parasitología Agrícola
650 _aCebada
_x Malas Hierbas
_920692
650 _aHerbicidas
_953691
650 _aHerbicidas
_x Control
_9174718
710 _aUACh. Departamento Parasitología Agrícola
_9164025
901 _aPA TESIS 2325
902 _aM
905 _a503220 AN 8000000000 00
910 _a
942 _cPARA
942 _cPARA
_d2
999 _c208381
_d208381